Majlis pelancaran Indeks Sewaan Bangunan Pejabat Binaan Khas Purpose - Built Office Rent Index (PBO-RI)

Bibliographic Details
Corporate Author: Jabatan Penilaian dan Perkhidmatan Harta
Format: Book
Language:English
Published: Kuala Lumpur : Berjaya Times Square Hotel , 2012

MARC

LEADER 00000cam a2200000 7i4500
001 0000024566
005 20121003.0
008 121003 my v eng
040 |a INS 
090 0 0 |a VCD 2077 
245 1 0 |a Majlis pelancaran Indeks Sewaan Bangunan Pejabat Binaan Khas Purpose - Built Office Rent Index (PBO-RI)   |c Dirasmikan oleh YB Dato' Dr. Awang Adek Husin, Tim. Men. Kew   |c 19 Julai 2012 
260 |a Kuala Lumpur :   |b Berjaya Times Square Hotel ,   |c 2012 
300 |a 1 cakera video (1jam 02 min.) :   |b by., wrn. ;   |c 4 3/4 in. 
505 0 0 |a Kawasan Wilayah Persekutuan Kuala Lumpur 
710 1 |a Jabatan Penilaian dan Perkhidmatan Harta 
999 |a VCD0002077   |b DIGITAL VIDEO CD   |c Media Collection   |e Default branch